000 00326nam a22001457a 4500
008 260316b |||||||| |||| 00| 0 eng d
020 _a9789388194587
040 _a02
100 _aBOTHARA,K.G.
245 _aPHARMACEUTICALORGANIC CHEMISTRY-II
250 _a10TH
260 _bNIRALI
_c2025
300 _a6.5
942 _c01
999 _c67266
_d67266